| 000 | 01979nam a2200361 c 4500 | ||
|---|---|---|---|
| 003 | BLK | ||
| 005 | 20180420214359.0 | ||
| 008 | 180412b bul|||||r ||||||| ||bul|| | ||
| 010 | _aKNG00010358000 | ||
| 020 |
_a954-427-213-5 _bиздат.: Абагар |
||
| 040 | _aBLK | ||
| 041 |
_aBUL _cBUL |
||
| 080 |
_aМитническа политика. Митнически системи. Митнически такси - Ембарго, митнически съюзи и съглашения. Ограничения във външнотърговската политика. Свободна търговия. Безмитна търговия. Вж и 336. _b339.543 _x(075.8) _z339.543(075.8) |
||
| 100 | 1 |
_aАдамов, Величко _eпърви автор _gЙонов, Величко Адамов _9241562 |
|
| 700 | 1 |
_aПътев, Пламен Георгиев _eсъавт. _9254000 |
|
| 700 | 1 |
_aЙонов, Величко Адамов _9254001 |
|
| 139 |
_aАдамов, Величко и др. _bА 28 |
||
| 245 | 1 | 0 |
_aМита и митническа политика _bУчебник за студентите от Стоп. акад. Д. А. Ценов - Свищов _cВеличко Адамов; съавт. Пламен Георгиев Пътев; Величко Адамов Йонов. |
| 250 | _a2. изд. | ||
| 257 | _aBGR | ||
| 260 |
_аВ. Търново _bАбагар _c1995 |
||
| 300 |
_a287 с. _bс диагр., 10 л. табл., сх. _c24 см |
||
| 380 | _a3 | ||
| 500 | _a1. изд. 1994 на Акад. изд. Д. А. Ценов - Свищов. Пълното име на първия авт. е Величко Адамов Йонов. | ||
| 650 | 4 |
_aМита - учебници за ВУЗ _9254002 |
|
| 653 | _aмита | ||
| 653 | _aмитническа политика | ||
| 852 | _aЦб 185248 | ||
| 856 | 4 |
_qpdf _u |
|
| 856 | 4 |
_qpdf _u |
|
| 942 |
_cKNG _n0 |
||
| 944 |
_aCR _c15.01.2003 _kКети_Илиева |
||
| 944 |
_aED _c16.04.2015 _kГеновева_Генчева |
||
| 999 |
_c8964 _d8964 |
||